000 00660nam a22002057a 4500
003 BUBTL
008 190106b xxu||||| |||| 00| 0 eng d
020 _a978-984-34-0786-3
082 _a347.03/ R1293a/ 2016
100 _92144
_aRahman, Khaledur
245 _aAlternative Dispute Resolution & Legal Aid : ( Principles & Practice) /
_cKhaledur Rahman
250 _a1st Edn.
260 _aDhaka:
_bLaw Palace,
_cc2016
300 _axxxi,607 p.:
_c21 cm.
505 _aAlternative Dispute Resolution & Legal Aid, Khaledur Rahman
650 0 _92104
_aLaw
856 _k0
_l0
_yDownload
942 _2ddc
_cBK
999 _c5853
_d5853